000 00716cab a2200241 4500
001 WB2947-02
008 090401t1993 xxu||||| |||| 00| 0 eng d
035 _a(Sirsi) u5273
041 _aeng
245 _aLatham report encouraging
260 _c1993
350 _a0
490 _aRICS Press Release
_v(PR242/93cons) 14 December 1993
490 _aBuilding
_v258(7824) 17 December 1993, 9
490 _aNew Civil Engineer
_v16-23 December 1993, 6-7(4)
520 _aThe RICS welcomes Sir Michael Latham`s interim report on the construction industry.
650 _aCONSTRUCTION INDUSTRY
650 _aRICS
650 _aLATHAM REFORMS
690 _aBUILT ENVIRONMENT
942 _n0
948 _c04/03/1997
999 _c3142
_d3142